Padouch a já : praktický průvodce obranou proti šikaně pro malé bojovníky a bojovnice /

Uloženo v:
Hlavní autor: Ptáčková, Martina, 1997- (Autor)
Další autoři: Ptáček, Josef, 2001- (Autor), Haager, Tadeáš, 1982- (Autor)
Médium: Kniha
Jazyk:Czech
Vydáno: V Brně : Nastole, 2026
Vydání:1. vydání
Témata:
Celkem bylo vypůjčeno:0x
Tagy:
Žádné tagy
LEADER 02366nam a2200601 i 4500
001 106346
003 CZ PrNK
005 20260514080527.0
007 ta
008 260324s2026 xr a c f 000 0 cze
015 |a cnb003746926 
020 |a 9788074486340  |q (brožováno) :  |c Kč 349,00 
040 |a BOA001  |b cze  |e rda 
072 7 |a 364  |x Sociální problémy vyžadující podporu a pomoc. Sociální zabezpečení  |2 Konspekt  |9 18 
072 7 |a 0/9-053.2  |x Literatura pro děti a mládež (naučná)  |2 Konspekt  |9 26 
080 |a 316.346.32-053.2  |2 MRF 
080 |a 364.636  |2 MRF 
080 |a 159.923.2  |2 MRF 
080 |a 159.923.5  |2 MRF 
080 |a 796.85  |2 MRF 
080 |a (035)  |2 MRF 
080 |a (0.053.2)  |2 MRF 
100 1 |a Ptáčková, Martina,  |d 1997-  |7 xx0338668  |4 aut  |9 116809 
245 1 0 |a Padouch a já :  |b praktický průvodce obranou proti šikaně pro malé bojovníky a bojovnice /  |c Martina Ptáčková a Josef Ptáček ; ilustrace: Tadeáš Haager 
246 1 4 |a Padouch & já 
250 |a 1. vydání 
264 1 |a V Brně :  |b Nastole,  |c 2026 
300 |a 195 stran :  |b ilustrace (převážně barevné) ;  |c 21 cm 
336 |a text  |b txt  |2 rdacontent 
336 |a statický obraz  |b sti  |2 rdacontent 
337 |a bez média  |b n  |2 rdamedia 
338 |a svazek  |b nc  |2 rdacarrier 
650 0 7 |a děti a mládež  |7 ph119707  |2 czenas  |9 2357 
650 0 7 |a šikana  |7 ph120093  |2 czenas 
650 0 7 |a sebepoznání  |7 ph116116  |2 czenas  |9 109049 
650 0 7 |a sebeřízení  |7 ph303239  |2 czenas  |9 1749 
650 0 7 |a sebeobrana  |7 ph125448  |2 czenas 
650 0 9 |a children and youth  |2 eczenas 
650 0 9 |a bullying  |2 eczenas 
650 0 9 |a self-consciousness  |2 eczenas 
650 0 9 |a self-management  |2 eczenas 
650 0 9 |a sebeobrana  |2 eczenas 
655 7 |a příručky  |7 fd133209  |2 czenas  |9 155 
655 7 |a publikace pro děti  |7 fd133156  |2 czenas  |9 23 
655 9 |a handbooks and manuals  |2 eczenas 
655 9 |a children's literature  |2 eczenas 
700 1 |a Ptáček, Josef,  |d 2001-  |7 xx0343291  |4 aut  |9 117353 
700 1 |a Haager, Tadeáš,  |d 1982-  |7 osa2016905097  |4 ill  |9 117354 
710 2 |a Nastole (nakladatelství)  |7 xx0342137  |4 pbl  |9 117355 
910 |a UOG502 
942 |2 ddc  |c KN 
999 |d 106346 
993 |0 0  |1 421180107067  |2 ddc  |4 0  |6 3_000000000000000  |7 0  |9 99729  |b 0  |c 107067  |d 2026-05-14  |e 0  |f M  |g 3  |h 349.00  |i Koupě  |l M  |r 2026-05-14  |t 7  |w 2026-05-14  |y KN  |z NAUCNA  |n